D.F. Mulla's Principles of Muhammadan Law / (Record no. 613082)
[ view plain ]
| 000 -LEADER | |
|---|---|
| fixed length control field | 00332nam a22001217a 4500 |
| 082 ## - DEWEY DECIMAL CLASSIFICATION NUMBER | |
| Classification number | 340.59 |
| Author Mark | HAI |
| 100 ## - MAIN ENTRY--PERSONAL NAME | |
| Personal name | Haider, Raja Nadeem |
| 245 ## - TITLE STATEMENT | |
| Title | D.F. Mulla's Principles of Muhammadan Law / |
| Statement of responsibility, etc. | Raja Nadeem Haider |
| 260 ## - PUBLICATION, DISTRIBUTION, ETC. | |
| Place of publication, distribution, etc. | Lahore : |
| Name of publisher, distributor, etc. | Capital Law Publishers, |
| Date of publication, distribution, etc. | 2023. |
| 300 ## - PHYSICAL DESCRIPTION | |
| Extent | 498 p. |
| 563 ## - BINDING INFORMATION | |
| Binding note | HB. |
| 942 ## - ADDED ENTRY ELEMENTS (KOHA) | |
| Source of classification or shelving scheme | |
| Koha item type | Book |
| Withdrawn status | Lost status | Source of classification or shelving scheme | Damaged status | Not for loan | Permanent Location | Current Location | Date acquired | Full call number | Barcode | Date last seen | Price effective from | Koha item type |
|---|---|---|---|---|---|---|---|---|---|---|---|---|
| NUST Law School (NLS) | NUST Law School (NLS) | 03/03/2025 | 340.59 HAI | NLS-301 | 03/03/2025 | 03/03/2025 | Book | |||||
| NUST Law School (NLS) | NUST Law School (NLS) | 03/03/2025 | 340.59 HAI | NLS-302 | 03/03/2025 | 03/03/2025 | Book | |||||
| NUST Law School (NLS) | NUST Law School (NLS) | 03/03/2025 | 340.59 HAI | NLS-303 | 03/03/2025 | 03/03/2025 | Book |
